The 'Mystery City' Quiz - Statistics

General Stats
  • This quiz has been taken 75 times
  • The average score is 5 of 10
Answer Stats
Question Answer % Correct
Which of the 6 States of Australia is an Island? S. Tasmania
86%
The capital city of Qatar is? N. Doha
80%
Capital city of Lithuania? T. Vilnius
80%
What is the only country that totally surrounds two other countries? I. Italy
76%
Which country shares the Southern border of Egypt? L. Sudan
76%
Wyoming is the least populated State in US, which State has second least? A. Vermont
31%
The longest river in Russia at 4294 km is? U. River Lena
29%
The Mystery City is? Istanbul
16%
The Mystery City is in which country? Turkey
14%
Largest lake in area in UK? B. Lough Neagh
12%
No matching quizzes found
Score Distribution
Percent of People with Each Score
Percentile by Number Answered
Your Score History
You have not taken this quiz